000 00636nam a2200205Ia 4500
005 20250923145747.0
008 008 250917s9999 xx 000 0 eng d
037 _aTextual
040 _aDSWL
_beng
_cDSWL
041 _aeng
_2eng
084 _aY15-31oaX:9F.2, N87
_qDSWL
100 _aBhoite, A.
_9838667
245 0 _aWomen employees and rural development: Problems of employd women in rural areas
_cby A.Bhoite
260 _aDelhi
_b Gian Publication house
_c1987
300 _axiii,135p.
365 _aINR
_b90.00
925 _g90.00
942 _cTEXL
_hY15-31oaX:9F.2, N87
999 _c1455336
_d1455336